Estadísticas para Ciudades de Polonia en un Mapa

Haz click aquí para intentar la prueba.

Estadísticas generales

  • Esta prueba ha sido intentada 109 veces
  • La puntuación promedio es 8 de 13

Respuestas en el mapa

Las respuestas están codificadas por una escala verde-roja en el mapa de la prueba según el % correcto abajo.
 

Estadísticas de respuestas

Respuesta% Correcto
Varsovia
91%
Gdańsk
81%
Cracovia
76%
Lodz
67%
Lublin
64%
Katowice
62%
Poznań
60%
Szczecin
60%
Breslavia
57%
Białystok
53%
Rzeszów
52%
Olsztyn
50%
Bydgoszcz
47%

Distribución de puntuación

Porcentaje por número respondido

Porcentaje de gente con cada puntuación

Historial de tus puntuaciones

No has intentado esta prueba.